000 00443nmm a2200157Ia 4500
008 251105s9999||||xx |||||||||||||||||und||
020 _a9788426713476
041 _aspa
100 _aÁlvarez Pulido, Manuel
245 0 _aControladores lógicos
264 _a[Madrid, España] :
_bMarcombo,
_c2004
300 _a310 páginas
650 _aTechnology and computing
856 _uhttps://public.digitaliapublishing.com/a/17204
942 _cCF
999 _c80416
_d80416